书目信息 |
| 题名: |
旋转创意魔方
|
|
| 作者: | 李巍 著 | |
| 分册: | ||
| 出版信息: | 重庆 重庆大学出版社 2002.04 |
|
| 页数: | 60页 | |
| 开本: | 29cm | |
| 丛书名: | 创新思维设计丛书 | |
| 单 册: | ||
| 中图分类: | J524.3 | |
| 科图分类: | ||
| 主题词: | 广告学 , 工艺美术--中国 | |
| 电子资源: | ||
| ISBN: | 7-5624-2536-1 | |
| 000 | 00906nam2 2200265 45 | |
| 005 | 20041203103422.65 | |
| 010 | @a7-5624-2536-1@dCNY 26.00 | |
| 100 | @a20020903d2002 ekmy0chiy0121 ea | |
| 101 | 0 | @achi |
| 102 | @aCN@b510000 | |
| 105 | @aaf z 000yy | |
| 200 | 1 | @a旋转创意魔方@Axuan zhuan chuang yi mo fang@e现代广告创意的魅力@f李巍著 |
| 210 | @a重庆@c重庆大学出版社@d2002.04 | |
| 215 | @a60页@c图, 照片@d29cm | |
| 225 | 2 | @a创新思维设计丛书@i前卫广告设计系列 |
| 330 | @a本书共五部分: 现代广告至高无上的神灯--创意、广告创意堂上的大智大慧者、创意是解读人生的一种智慧、创意是无规则可言的游戏、现代广告的创意策略. | |
| 410 | 0 | @12001 @a创新思维设计丛书 |
| 410 | 0 | @12001 @a前卫广告设计系列 |
| 517 | 1 | @a现代广告创意的魅力 |
| 606 | 0 | @a广告学 |
| 606 | 0 | @a工艺美术@x中国 |
| 690 | @aJ524.3@v3 | |
| 701 | 0 | @a李巍@Ali wei@4著 |
| 801 | 0 | @aCN@bQSSK2@c20041203 |
| 905 | @a10447@dJ524.3@eL283 | |
| 旋转创意魔方:现代广告创意的魅力/李巍著.-重庆:重庆大学出版社,2002.04 |
| 60页:图, 照片;29cm.-(创新思维设计丛书.前卫广告设计系列) |
| ISBN 7-5624-2536-1:CNY 26.00 |
| 本书共五部分: 现代广告至高无上的神灯--创意、广告创意堂上的大智大慧者、创意是解读人生的一种智慧、创意是无规则可言的游戏、现代广告的创意策略. |
| ● |
| 相关链接 |
|
|
|
正题名:旋转创意魔方
索取号:J524.3/L283
 
预约/预借
| 序号 | 登录号 | 条形码 | 馆藏地/架位号 | 状态 | 备注 |
| 1 | 429715 | 204297153 | 社科库309/309社科库 87排2列3层/ [索取号:J524.3/L283] | 在馆 | |
| 2 | 429716 | 204297162 | 社科库309/309社科库 87排2列3层/ [索取号:J524.3/L283] | 在馆 |